Catálogo

LA ENCRUCIJADA : (Registro nro. 56692)

Detalles MARC
000 -LEADER
fixed length control field 01095nam a2200193 a 4500
001 - CONTROL NUMBER
control field 56692
005 - DATE AND TIME OF LATEST TRANSACTION
control field 20180714052555.0
008 - FIXED-LENGTH DATA ELEMENTS--GENERAL INFORMATION
fixed length control field 140415s2001 mx 000 0 spa d
020 ## - INTERNATIONAL STANDARD BOOK NUMBER
International Standard Book Number 9706514686
041 ## - LANGUAGE CODE
Language code of text/sound track or separate title spa
082 ## - DEWEY DECIMAL CLASSIFICATION NUMBER
Classification number 321
Item number CAM
100 1# - MAIN ENTRY--PERSONAL NAME
Personal name Camacho Solís, Manuel,.
245 13 - TITLE STATEMENT
Title LA ENCRUCIJADA :
Remainder of title Y DESPUES DEL ANTIGUO REGIMEN ¿QUE?
250 ## - EDITION STATEMENT
Edition statement 1a ed.
260 ## - PUBLICATION, DISTRIBUTION, ETC.
Place of publication, distribution, etc. MEXICO :
Name of publisher, distributor, etc. OCEANO DE MEXICO, S.A. DE C.V.,
Date of publication, distribution, etc. 2001
300 ## - PHYSICAL DESCRIPTION
Extent 728
Dimensions 16.6 x 1.6 x 22.5
520 ## - SUMMARY, ETC.
Summary, etc. A LO LARGO DE LAS SECCIONES DE LA ENCRUCIJADA, CAMACHO NO SOLO DISTINGUE LOS DOS CAMINOS QUE SE DIVISAN PARA EL FUTURO NACIONAL, SINO LAS NUMEROSAS RUTAS QUE A ELLOS LLEVAN Y DE ELLOS SE DERIVAN. SON ESTAS LINEAS UNA APRETADA SINTESIS DE LA HISTORIA NACIONAL CONCEBIDA COMO UN PROCESO COMPLETO, MAS QUE COMO MERO AGREGADO PARA ASUMIR UNA IDENTIDAD NACIONAL, LAS TRES REVOLUCIONES MAL AGRUPADAS EN EL CONCEPTO DE REVOLUCION, LAS CONSOLIDACIONES DE LAS INSTITUCIONES Y LA DEBACLE DEL SISTEMA
650 14 - SUBJECT ADDED ENTRY--TOPICAL TERM
Topical term or geographic name entry element CIENCIAS POLITICAS
General subdivision CIENCIAS POLITICAS
-- MEXICO
-- DEMOCRACIA
-- MEXICO
-- CIENCIAS POLITICAS
Existencias
Withdrawn status Lost status Source of classification or shelving scheme Damaged status Not for loan Collection code Home library Current library Shelving location Date acquired Source of acquisition Inventory number Total Checkouts Full call number Barcode Date last seen Date last checked out Price effective from Koha item type
    Dewey Decimal Classification     General Biblioteca Karol Wojtyla Biblioteca Karol Wojtyla Sala general 03/12/2013 Compra 151000000000000000055601   321 CAM 85639 05/01/2026 29/06/2016 03/12/2013 Libro